000 004270000a22001810004500
003 MACL
005 20160130142817.0
008 160130b xxu||||| |||| 00| 0 eng d
040 _aMACL
_cMACL
041 _aEngish
082 _a823/ASI
100 _aAsimov, Isaac
_910230
245 _aSecond Foundation
260 _bBantam Books
_c1991
_aAmerica
350 _a332
650 _aFiction
_936130
942 _cBK
_k823/ASI
_2ddc
999 _c31259
_d31259